Подробности
| 000 -МАРКЕР |
| контрольное поле |
02396nam0a2200361 4500 |
| 001 - ИДЕНТИФИКАТОР ЗАПИСИ |
| контрольное поле |
RU\NLR\bibl\1305658 |
| 005 - ИДЕНТИФИКАТОР ВЕРСИИ |
| контрольное поле |
20250615152416.0 |
| 010 ## - МЕЖДУНАРОДНЫЙ СТАНДАРТНЫЙ НОМЕР КНИГИ (ISBN) |
| Номер (ISBN) |
978-5-9790-0066-4 |
| Тираж |
2000 |
| 021 ## - НОМЕР ГОСУДАРСТВЕННОЙ РЕГИСТРАЦИИ |
| Код страны |
Российская Федерация |
| Номер |
2008-82571 |
| Номер Листа государственной регистраци |
4810 |
| 035 ## - ДРУГИЕ СИСТЕМНЫЕ НОМЕРА |
| Идентификатор записи |
(NLR Aleph) 001291173 |
| 100 ## - ДАННЫЕ ОБЩЕЙ ОБРАБОТКИ |
| Данные общей обработки |
20081210d2008 |||y0rusy50 ca |
| 101 1# - ЯЗЫК РЕСУРСА |
| Язык текста, звукозаписи и т.д. |
русский |
| Язык оригинала |
английский |
| 102 ## - СТРАНА ПУБЛИКАЦИИ ИЛИ ПРОИЗВОДСТВА |
| Страна публикации |
Российская Федерация |
| 105 ## - ПОЛЕ КОДИРОВАННЫХ ДАННЫХ: ТЕКСТОВЫЕ МАТЕРИАЛЫ, МОНОГРАФИЧЕСКИЕ |
| Кодированные данные о монографическом текстовом документе |
a ||||||||| |
| 200 1# - ЗАГЛАВИЕ И СВЕДЕНИЯ ОБ ОТВЕТСТВЕННОСТИ |
| Основное заглавие |
Официальный учебный курс Microsoft: проектирование безопасности для сети Microsoft Windows Server 2003 |
| Сведения, относящиеся к заглавию |
[сертификационный экзамен] (70-298) |
| -- |
[с компакт-диском] |
| Первые сведения об ответственности |
Тони Нортрап |
| Последующие сведения об ответственности |
[пер. с англ. М. Розовского] |
| -- |
Microsoft |
| 210 ## - ПУБЛИКАЦИЯ, РАСПРОСТРАНЕНИЕ И ДР. |
| Место издания, распространения и т.д. |
Москва |
| Имя издателя, распространителя и т. д. |
ЭКОМ |
| -- |
ЭКОМ Паблишерз |
| Дата издания, распространения и т.д. |
2008 |
| 215 ## - ФИЗИЧЕСКАЯ ХАРАКТЕРИСТИКА |
| Специфическое обозначение материала и объем |
615 с. |
| Другие сведения о физической характеристике |
ил. |
| Размеры |
30 |
| 225 1# - СЕРИЯ |
| Основное заглавие серии |
Рекомендовано Microsoft IT Academy |
| 300 ## - ОБЩИЕ ПРИМЕЧАНИЯ |
| Текст примечания |
Загл. и авт. ориг.: Microsoft official academic course: desisgning security for a Microsoft Windows server 2003 network (70-298) / Tony Northrup |
| 300 ## - ОБЩИЕ ПРИМЕЧАНИЯ |
| Текст примечания |
На обл.: Проектирование безопасности для сети Microsoft Windows Server 2003: официальный учебный курс Microsoft 70-298 |
| 316 ## - ПРИМЕЧАНИЯ ОБ ОСОБЕННОСТЯХ ЭКЗЕМПЛЯРА |
| Текст примечания |
Компакт-диск отсутствует |
| Организация и экземпляр, к которому относится поле |
NLR |
| 454 #0 - ОРИГИНАЛ (ПЕРЕВОДА) |
| Встроенное поле |
2001#$aMicrosoft official academic course: desisgning security for a Microsoft Windows server 2003 network (70-298)$fMartin Grasdal |
| -- |
700#1$aNorthrup$bT.$gTony$4070 |
| Заглавие |
Microsoft official academic course: desisgning security for a Microsoft Windows server 2003 network (70-298) |
| Автор |
Northrup, Tony |
| 512 1# - ЗАГЛАВИЕ ОБЛОЖКИ |
| Связь между полями |
z22790 |
| Заглавие обложки |
Проектирование безопасности для сети Microsoft Windows Server 2003 |
| Сведения, относящиеся к заглавию |
официальный учебный курс Microsoft 70-298 |
| 606 1# - НАИМЕНОВАНИЕ ТЕМЫ КАК ПРЕДМЕТ |
| Наименование темы |
MICROSOFT WINDOWS 2003 SERVER, сетевая операционная система |
| Формальный подзаголовок |
Учебные издания |
| Системный номер авторитетной/нормативной записи |
2321063 |
| Идентификатор авторитетной/нормативной записи |
RU\NLR\auth\661388580 |
| 686 ## - ИНДЕКСЫ ДРУГИХ КЛАССИФИКАЦИЙ |
| Индекс |
З988.02-018.2я7 |
| 700 #1 - ИМЯ ЛИЦА - ПЕРВИЧНАЯ ОТВЕТСТВЕННОСТЬ |
| Начальный элемент ввода |
Нортрап |
| Часть имени, кроме начального элемента ввода |
Т. |
| Расширение инициалов личного имени |
Тони |
| Код отношения |
Автор |
| 790 #1 - ИМЯ ЛИЦА - АЛЬТЕРНАТИВНАЯ ФОРМА |
| Связь между полями |
z22512 |
| Начальный элемент ввода |
Нортрап |
| Часть имени, кроме начального элемента ввода |
Т. |
| Расширение инициалов личного имени |
Тони |
| Код отношения |
Автор |
| 801 #0 - ИСТОЧНИК ЗАПИСИ |
| Страна |
Российская Федерация |
| Организация |
NLR |
| Дата составления |
20081210 |
| Правила каталогизации |
RCR |
| 801 #1 - ИСТОЧНИК ЗАПИСИ |
| Страна |
Российская Федерация |
| Организация |
NLR |
| Дата составления |
20081210 |
| 942 ## - ДОПОЛНИТЕЛЬНЫЕ ЭЛЕМЕНТЫ ЗАПИСИ (АБИС) |
| Тип экземпляра АБИС |
Книга |
| 980 ## - КОЛЛЕКЦИЯ |
| Название коллекции |
Национальная библиография |